| 000 | 01083nam a2200337 a 4500 | ||
|---|---|---|---|
| 003 | AR-BaBNM | ||
| 005 | 20251128210104.0 | ||
| 008 | 082120s2002 ||||||||||||||000 | spa|| | ||
| 020 | _a950-9023-86-8 | ||
| 040 | _cAR-BaBNM | ||
| 100 | 1 | _aArgañaraz, Aníbal | |
| 245 | 0 | 0 |
_aNueva escuela _buna visión teórica y didáctica de los CBC con proyectos para la implementación de la EGB |
| 260 |
_aBuenos Aires _bRuy Díaz _c1996 |
||
| 300 | _a249 p. | ||
| 500 | _aContiene el texto completo de la Ley Federal de Educación p. 77-106 | ||
| 650 | 4 | _aEXPERIENCIA PEDAGOGICA | |
| 650 | 4 | _aMETODOS DE ENSEÑANZA | |
| 650 | 4 | _aACTIVIDADES DE APRENDIZAJE | |
| 653 | _aEDUCACION GENERAL BASICA | ||
| 653 | _aCONTENIDOS BASICOS COMUNES | ||
| 653 | _aTRANSFORMACION EDUCATIVA | ||
| 653 | _aCONTENIDOS CONCEPTUALES | ||
| 653 | _aCONTENIDOS PROCEDIMENTALES | ||
| 653 | _aCONTENIDOS ACTITUDINALES | ||
| 653 | _aORGANIZACION CURRICULAR | ||
| 653 | _aPROYECTOS DE AULA | ||
| 653 | _aLEY FEDERAL DE EDUCACION | ||
| 700 | 1 | _aFerro, Daniel | |
| 942 | _cBK | ||
| 998 | _cRaquel | ||
| 999 |
_c13992 _d13992 |
||